[Event "CZE-ch U16"]
[Site "Harrachov"]
[Date "2024.10.28"]
[Round "4"]
[White "Siles, Jan"]
[Black "Hrbek, Jachym"]
[Result "1/2-1/2"]
[WhiteElo "2073"]
[BlackElo "2046"]
[PlyCount "73"]
[EventDate "2024.10.26"]
[EventType "swiss"]
[EventRounds "9"]
[EventCountry "CZE"]
[SourceTitle "CB45_2024"]
[Source "ChessBase"]
[SourceDate "2024.11.06"]
[SourceVersion "1"]
[SourceVersionDate "2024.11.06"]
[SourceQuality "1"]

1. d4 d5 2. c4 e6 3. Nf3 Nf6 4. e3 c5 5. Nc3 Nc6 6. cxd5 exd5 7. Be2 cxd4 8. Nxd4 Bb4 9. 0-0 0-0 10. a3 Bxc3 11. Nxc6 bxc6 12. bxc3 Bf5 13. Bd3 Qd7 14. a4 Rac8 15. Ba3 c5 16. Qc2 Bxd3 17. Qxd3 Rfd8 18. Rfd1 h6 19. h3 Ne4 20. c4 Nf6 21. cxd5 Qxd5 22. Qc2 Qe5 23. Rxd8+ Rxd8 24. Bb2 Qd6 25. Rc1 Rc8 26. Qf5 Rc6 27. Bxf6 Qxf6 28. Qxf6 gxf6 29. Kf1 Kg7 30. Ke2 f5 31. Kd3 Rd6+ 32. Kc3 Kf6 33. Rc2 Rb6 34. Kd3 Rb4 35. Rxc5 Rxa4 36. Rc6+ Kg7 37. Ke2 1/2-1/2

[Event "CZE-ch U16"]
[Site "Harrachov"]
[Date "2024.10.26"]
[Round "1"]
[White "Krautschneider, Daniel Jan"]
[Black "Siles, Jan"]
[Result "0-1"]
[WhiteElo "1767"]
[BlackElo "2073"]
[PlyCount "50"]
[EventDate "2024.10.26"]
[EventType "swiss"]
[EventRounds "9"]
[EventCountry "CZE"]
[SourceTitle "CB45_2024"]
[Source "ChessBase"]
[SourceDate "2024.11.06"]
[SourceVersion "1"]
[SourceVersionDate "2024.11.06"]
[SourceQuality "1"]

1. d4 Nf6 2. e3 g6 3. Bd3 Bg7 4. f4 d6 5. Nf3 0-0 6. 0-0 Nbd7 7. Nbd2 Re8 8. f5 Nf8 9. fxg6 hxg6 10. Ne4 d5 11. Nxf6+ exf6 12. c4 f5 13. cxd5 Qxd5 14. Qc2 c6 15. Bc4 Qd6 16. Bd2 Be6 17. Rae1 Rad8 18. Qb3 Bxc4 19. Qxc4 Nd7 20. Qb3 b6 21. g4 f4 22. Ng5 Qf6 23. h4 Nc5 24. dxc5 Rxd2 25. Rxf4 Qxf4 0-1

[Event "EU-ch U16"]
[Site "Prague"]
[Date "2024.08.28"]
[Round "6"]
[White "Savicevs, Arsenijs"]
[Black "Siles, Jan"]
[Result "1-0"]
[WhiteElo "2184"]
[BlackElo "2005"]
[PlyCount "103"]
[EventDate "2024.08.22"]
[EventType "swiss"]
[EventRounds "9"]
[EventCountry "CZE"]
[SourceTitle "CBM 221 Extra"]
[Source "ChessBase"]
[SourceDate "2024.09.30"]
[SourceVersion "1"]
[SourceVersionDate "2024.09.30"]
[SourceQuality "1"]

1. e4 c5 2. Nf3 d6 3. d4 cxd4 4. Nxd4 Nf6 5. Nc3 Nc6 6. Bg5 e6 7. Qd2 a6 8. 0-0-0 Be7 9. Bxf6 gxf6 10. f4 Nxd4 11. Qxd4 b5 12. Kb1 Qc7 13. f5 Qc5 14. Qd2 Bb7 15. Bd3 0-0-0 16. a4 b4 17. Ne2 d5 18. exd5 Rxd5 19. Nf4 Rd6 20. fxe6 fxe6 21. Qe2 Qc6 22. Bf5 exf5 23. Qxe7 Rhd8 24. Rxd6 Qxd6 25. Qxd6 Rxd6 26. Kc1 Rd4 27. Rf1 Be4 28. b3 Kd7 29. Rd1 Rxd1+ 30. Kxd1 Kd6 31. Kd2 a5 32. c3 bxc3+ 33. Kxc3 Kc5 34. g3 Bf3 35. Nd3+ Kd5 36. Nb2 f4 37. gxf4 Ke4 38. Nc4 Kxf4 39. Nxa5 Ke3 40. Nc4+ Ke2 41. b4 f5 42. b5 f4 43. a5 Bb7 44. a6 Bc8 45. Nd6 f3 46. a7 Bb7 47. Nxb7 f2 48. a8Q f1Q 49. Qe8+ Kd1 50. Qd7+ Kc1 51. Qd2+ Kb1 52. Qb2# 1-0

[Event "Ricany op"]
[Site "Ricany"]
[Date "2023.09.02"]
[Round "9"]
[White "Siles, Jan"]
[Black "Pressler, Tobias"]
[Result "0-1"]
[WhiteElo "1869"]
[BlackElo "1912"]
[PlyCount "101"]
[EventDate "2023.08.26"]
[EventType "swiss"]
[EventRounds "9"]
[EventCountry "CZE"]
[SourceTitle "CBM 216 Extra"]
[Source "ChessBase"]
[SourceDate "2023.11.30"]
[SourceVersion "1"]
[SourceVersionDate "2023.11.30"]
[SourceQuality "1"]

1. d4 b6 2. Bg5 h6 3. Bh4 Bb7 4. e3 g6 5. f4 Bg7 6. Nf3 d6 7. Nbd2 Nd7 8. Bd3 Ngf6 9. 0-0 c5 10. e4 Ng4 11. Nc4 Qc7 12. h3 Ngf6 13. e5 Nd5 14. Qe1 dxe5 15. fxe5 Nf8 16. Nd6+ Kd7 17. Nxf7 Rg8 18. e6+ Kc8 19. Bb5 cxd4 20. Bg3 Qc5 21. Bd3 Ne3 22. N3e5 Nxe6 23. Nxg6 Bf6 24. c3 Ng5 25. Nxg5 Qxg5 26. h4 Qd5 27. Nf4 Qd6 28. cxd4 Nxg2 29. Bf5+ Kd8 30. Ne6+ Ke8 31. Kh2 Nxe1 32. Bxd6 Nf3+ 33. Rxf3 Bxf3 34. Nc7+ Kf8 35. Bg3 Rd8 36. Ne6+ Kf7 37. Nxd8+ Rxd8 38. Rf1 Be2 39. Rf2 Bb5 40. Be5 Bxh4 41. Rf3 Bf6 42. Kh3 Bc4 43. b3 Be6 44. Kg4 Rg8+ 45. Kf4 Rg2 46. Bxf6 Kxf6 47. Bxe6 Kxe6 48. a4 h5 49. Re3+ Kf7 50. Re5 Rg4+ 51. Ke3 0-1

[Event "CZE-ch Amateur"]
[Site "Hluk"]
[Date "2023.05.09"]
[Round "6"]
[White "Mrazek, Adam"]
[Black "Siles, Jan"]
[Result "1/2-1/2"]
[WhiteElo "1670"]
[BlackElo "1857"]
[PlyCount "82"]
[EventDate "2023.05.06"]
[EventType "swiss"]
[EventRounds "9"]
[EventCountry "CZE"]
[SourceTitle "CBM 214 Extra"]
[Source "ChessBase"]
[SourceDate "2023.07.31"]
[SourceVersion "1"]
[SourceVersionDate "2023.07.31"]
[SourceQuality "1"]

1. Nf3 Nc6 2. g3 e5 3. d3 d5 4. Nc3 Nf6 5. Nb1 Ng8 6. Bg2 Bg4 7. 0-0 Qd7 8. c4 dxc4 9. dxc4 0-0-0 10. Qxd7+ Rxd7 11. Nc3 Nf6 12. a3 h6 13. h3 Be6 14. b3 Bd6 15. Be3 e4 16. Nd2 Be5 17. Rac1 Na5 18. Ncxe4 Nxe4 19. Bxe4 Rhd8 20. b4 Rxd2 21. Bxd2 Nb3 22. Be3 Nxc1 23. Rxc1 Bb2 24. Rb1 Bxa3 25. Bd3 a5 26. bxa5 Bxh3 27. Be4 c6 28. a6 bxa6 29. Bxc6 Bf5 30. Bb7+ Kc7 31. Rb3 Bc2 32. Bf4+ Bd6 33. Bxd6+ Rxd6 34. Rb2 Rb6 35. Rxc2 Rxb7 36. Kg2 Rb3 37. f3 Kc6 38. Ra2 Rb6 39. Ra5 Kb7 40. Kf2 Rc6 41. c5 Re6 1/2-1/2

[Event "Mid Bohemia Region-chT 2223"]
[Site "Czech Republic"]
[Date "2022.10.30"]
[Round "2.3"]
[White "Fencl, Pavel"]
[Black "Siles, Jan"]
[Result "0-1"]
[WhiteElo "2029"]
[BlackElo "1906"]
[PlyCount "86"]
[EventDate "2022.10.09"]
[EventType "team-tourn"]
[EventRounds "11"]
[EventCountry "CZE"]
[SourceTitle "EXT 2024"]
[Source "ChessBase"]
[SourceDate "2023.10.10"]
[SourceVersion "1"]
[SourceVersionDate "2023.10.10"]
[SourceQuality "1"]
[WhiteTeam "Lysa nad Labem Joly IV"]
[BlackTeam "Ricany III"]
[WhiteTeamCountry "CZE"]
[BlackTeamCountry "CZE"]

1. c4 Nf6 2. Nc3 e6 3. g3 d5 4. d4 c5 5. cxd5 exd5 6. Nf3 Nc6 7. Bg2 Be6 8. 0-0 c4 9. Bf4 Be7 10. b3 Qa5 11. Bd2 Bb4 12. Qc2 b5 13. a3 Bxc3 14. Bxc3 Qc7 15. bxc4 bxc4 16. Rfb1 0-0 17. Ng5 h6 18. Nxe6 fxe6 19. f4 Rfb8 20. e4 Rxb1+ 21. Rxb1 Rb8 22. exd5 exd5 23. Re1 Qd6 24. Re5 Rb3 25. Bb4 Qd7 26. Rxd5 Nxd5 27. Qxc4 Rb1+ 28. Kf2 Ncxb4 29. axb4 Rb2+ 30. Kg1 Rxg2+ 31. Kxg2 Kh8 32. Qc5 Nb6 33. Kg1 Qd5 34. Qc3 Kg8 35. Qa1 Qc4 36. Qxa7 Qxd4+ 37. Kg2 Qxb4 38. Qb8+ Kh7 39. Qe5 Qd2+ 40. Kf1 Qd3+ 41. Kf2 Nd5 42. Qe6 Nf6 43. h4 Ne4+ 0-1

[Event "CZE-ch U14"]
[Site "Luhacovice"]
[Date "2022.03.14"]
[Round "4"]
[White "Jasso, Matej"]
[Black "Siles, Jan"]
[Result "1/2-1/2"]
[WhiteElo "1726"]
[BlackElo "1548"]
[PlyCount "107"]
[EventDate "2022.03.12"]
[EventType "swiss"]
[EventRounds "9"]
[EventCountry "CZE"]
[SourceTitle "EXT 2023"]
[Source "ChessBase"]
[SourceDate "2022.10.05"]
[SourceVersion "1"]
[SourceVersionDate "2022.10.05"]
[SourceQuality "1"]

1. e4 c5 2. Nf3 Nc6 3. d4 cxd4 4. Nxd4 g6 5. Be3 Bg7 6. Nc3 Nf6 7. Bc4 0-0 8. Bb3 d6 9. f3 Bd7 10. Qd2 Rc8 11. 0-0-0 Ne5 12. h4 Nc4 13. Bxc4 Rxc4 14. h5 Qc7 15. Nb3 Be6 16. g4 Rc8 17. Bd4 b5 18. Rh2 a6 19. Rdh1 b4 20. Nd1 a5 21. Bxf6 Bxf6 22. hxg6 fxg6 23. Kb1 a4 24. Nc1 b3 25. c3 bxa2+ 26. Nxa2 a3 27. Rxh7 Bg7 28. Qg5 Bf7 29. Qh4 Be8 30. Ne3 Qb7 31. b4 Rxc3 32. Rxg7+ Kxg7 33. Qh8+ Kf7 34. Rh7+ Ke6 35. Qg8+ Kd7 36. Rxe7+ Kxe7 37. Qg7+ Bf7 38. Nd5+ Qxd5 39. exd5 Rb3+ 40. Ka1 Re3 41. g5 Rxf3 42. Qd4 Rf1+ 43. Nc1 Rcxc1+ 44. Ka2 Rc2+ 45. Kxa3 Rf3+ 46. Ka4 Ra2+ 47. Kb5 Be8+ 48. Kb6 Raa3 49. Qe4+ Kd8 50. Qe6 Rf7 51. Qxd6+ Rd7 52. Qf6+ Kc8 53. Qf8 Kd8 54. Qf6+ 1/2-1/2

[Event "CZE-ch U14"]
[Site "Luhacovice"]
[Date "2022.03.13"]
[Round "2"]
[White "Siles, Jan"]
[Black "Babula, Matej"]
[Result "0-1"]
[WhiteElo "1548"]
[BlackElo "1753"]
[PlyCount "78"]
[EventDate "2022.03.12"]
[EventType "swiss"]
[EventRounds "9"]
[EventCountry "CZE"]
[SourceTitle "EXT 2023"]
[Source "ChessBase"]
[SourceDate "2022.10.05"]
[SourceVersion "1"]
[SourceVersionDate "2022.10.05"]
[SourceQuality "1"]

1. e4 c5 2. Nf3 e6 3. d4 cxd4 4. Nxd4 a6 5. Nc3 Qc7 6. Be2 b5 7. a3 Bb7 8. 0-0 Nc6 9. Be3 Nf6 10. f4 Bc5 11. e5 Nxd4 12. Bxd4 Ne4 13. Nxe4 Bxe4 14. c3 d6 15. Kh1 Qc6 16. Bf3 Bxf3 17. Rxf3 Bxd4 18. Qxd4 dxe5 19. Qxe5 0-0 20. Rd1 Rad8 21. Rxd8 Rxd8 22. Rd3 Qb6 23. Qe3 Rxd3 24. Qxb6 Rd1+ 25. Qg1 Rxg1+ 26. Kxg1 Kf8 27. Kf2 Ke7 28. Ke3 Kd6 29. Kd4 f6 30. b4 e5+ 31. fxe5+ fxe5+ 32. Ke4 Ke6 33. g4 g5 34. Kd3 Kd5 35. Kc2 Ke4 36. Kd2 Kf3 37. c4 bxc4 38. a4 e4 39. b5 e3+ 0-1

[Event "CZE-ch U14"]
[Site "Luhacovice"]
[Date "2022.03.12"]
[Round "1"]
[White "Juracak, David"]
[Black "Siles, Jan"]
[Result "0-1"]
[WhiteElo "1717"]
[BlackElo "1548"]
[PlyCount "68"]
[EventDate "2022.03.12"]
[EventType "swiss"]
[EventRounds "9"]
[EventCountry "CZE"]
[SourceTitle "EXT 2023"]
[Source "ChessBase"]
[SourceDate "2022.10.05"]
[SourceVersion "1"]
[SourceVersionDate "2022.10.05"]
[SourceQuality "1"]

1. d4 d5 2. c4 e6 3. Nf3 Nf6 4. e3 c5 5. Nc3 Nc6 6. Bd3 Bd6 7. 0-0 0-0 8. Re1 Re8 9. b3 b6 10. Bb2 Bb7 11. Rc1 Rc8 12. Bb1 cxd4 13. Nxd4 dxc4 14. Nxc6 Bxc6 15. bxc4 Qe7 16. Nb5 Bb4 17. Re2 Red8 18. Qa4 a5 19. a3 Bc5 20. Qb3 Ne4 21. Nd4 Bb7 22. Bd3 Rd7 23. Qc2 f5 24. Qb3 Rcd8 25. Rd1 Qe8 26. Bxe4 Bxe4 27. Red2 Qg6 28. f3 Bb7 29. Qc2 e5 30. Nxf5 Rxd2 31. Rxd2 Rxd2 32. Qxd2 Qxf5 33. Qd8+ Qf8 34. Qd3 Qd6 0-1

[Event "CZE-ch U14"]
[Site "Herlikovice"]
[Date "2021.10.23"]
[Round "1"]
[White "Fousek, Petr"]
[Black "Siles, Jan"]
[Result "0-1"]
[WhiteElo "1265"]
[BlackElo "1571"]
[PlyCount "76"]
[EventDate "2021.10.23"]
[EventType "swiss"]
[EventRounds "9"]
[EventCountry "CZE"]
[SourceTitle "EXT 2023"]
[Source "ChessBase"]
[SourceDate "2022.10.05"]
[SourceVersion "1"]
[SourceVersionDate "2022.10.05"]
[SourceQuality "1"]

1. e4 c5 2. Nc3 Nc6 3. f4 d6 4. Nf3 Nf6 5. d4 cxd4 6. Nxd4 Bg4 7. Nf3 g6 8. Be3 Bg7 9. Be2 0-0 10. 0-0 Rc8 11. Qe1 Nb4 12. Rc1 Nd7 13. a3 Rxc3 14. bxc3 Na2 15. Rb1 Qc8 16. Bd2 Nxc3 17. Bxc3 Bxc3 18. Qd1 Nf6 19. Bd3 b6 20. Kh1 Qc5 21. Rb3 Be6 22. Rb1 Ba2 23. Rb5 Qc6 24. Rg5 Nxe4 25. Rg4 Be6 26. Rh4 Bf6 27. Ng5 Nxg5 28. fxg5 Bxg5 29. Rb4 Bd5 30. Qg4 Bd2 31. Rbb1 Bc3 32. Qe2 Be5 33. c4 Be6 34. Rfc1 Rc8 35. Rc2 h5 36. Qe3 Qa4 37. Qg5 Bf6 38. Qg3 Qxa3 0-1

[Event "EU Union-ch U10"]
[Site "Kouty nad Desnou"]
[Date "2019.08.23"]
[Round "8"]
[White "Siles, Jan"]
[Black "Roubal, Matyas"]
[Result "0-1"]
[WhiteElo "1231"]
[BlackElo "1130"]
[PlyCount "60"]
[EventDate "2019.08.16"]
[EventType "swiss"]
[EventRounds "9"]
[EventCountry "CZE"]
[SourceTitle "EXT 2020"]
[Source "ChessBase"]
[SourceDate "2019.10.17"]
[SourceVersion "1"]
[SourceVersionDate "2019.10.17"]
[SourceQuality "1"]

1. e4 e5 2. Nf3 Nc6 3. Bc4 Nf6 4. d3 Bc5 5. Nc3 d6 6. Bg5 h6 7. Bxf6 Qxf6 8. Nd5 Qd8 9. c3 Bg4 10. 0-0 0-0 11. b4 Bb6 12. h3 Bh5 13. a4 a5 14. b5 Ne7 15. Rb1 Nxd5 16. Bxd5 Rb8 17. Qe2 Qd7 18. Rfc1 c6 19. bxc6 bxc6 20. Bb3 Kh8 21. Nxe5 dxe5 22. Qxh5 Qxd3 23. Qg4 Bxf2+ 24. Kxf2 Rxb3 25. Rxb3 Qd2+ 26. Qe2 Qxc1 27. g3 Rd8 28. Kf3 Rd2 29. Rb8+ Kh7 30. Qe3 Qd1+ 0-1

[Event "EU Union-ch U10"]
[Site "Kouty nad Desnou"]
[Date "2019.08.21"]
[Round "6"]
[White "Siles, Jan"]
[Black "Tiitta, Luukas"]
[Result "1-0"]
[WhiteElo "1231"]
[BlackElo "1083"]
[PlyCount "107"]
[EventDate "2019.08.16"]
[EventType "swiss"]
[EventRounds "9"]
[EventCountry "CZE"]
[SourceTitle "EXT 2020"]
[Source "ChessBase"]
[SourceDate "2019.10.17"]
[SourceVersion "1"]
[SourceVersionDate "2019.10.17"]
[SourceQuality "1"]

1. e4 g6 2. d4 Bg7 3. Nc3 c5 4. Nf3 Nc6 5. Be3 b6 6. Bc4 cxd4 7. Nxd4 Nxd4 8. Bxd4 e5 9. Be3 d6 10. Bd5 Rb8 11. Nb5 Nf6 12. Bc6+ Kf8 13. Qxd6+ Qxd6 14. Nxd6 Bd7 15. Bxd7 Nxd7 16. Nb5 Ke7 17. Nxa7 Rb7 18. Nb5 Rc8 19. Nc3 b5 20. Nd5+ Kf8 21. c3 Nc5 22. Bxc5+ Rxc5 23. Ke2 Rd7 24. Rhd1 f5 25. f3 h5 26. h4 f4 27. Nb6 Rxd1 28. Rxd1 Rc7 29. Kf2 Rb7 30. Nd5 Rd7 31. b3 Kg8 32. Nf6+ Bxf6 33. Rxd7 Kf8 34. g3 g5 35. hxg5 Bxg5 36. Rh7 fxg3+ 37. Kxg3 h4+ 38. Rxh4 Bxh4+ 39. Kxh4 Ke7 40. Kg5 Ke6 41. a4 bxa4 42. bxa4 Kd6 43. f4 exf4 44. Kxf4 Kc5 45. e5 Kc6 46. a5 Kb7 47. e6 Ka6 48. e7 Kxa5 49. e8Q Kb6 50. Qe5 Kc6 51. c4 Kd7 52. Qd5+ Ke7 53. Kf5 Ke8 54. Kf6 1-0

[Event "EU Union-ch U10"]
[Site "Kouty nad Desnou"]
[Date "2019.08.17"]
[Round "2"]
[White "Siles, Jan"]
[Black "Grabs, Peter"]
[Result "0-1"]
[WhiteElo "1231"]
[BlackElo "1638"]
[PlyCount "66"]
[EventDate "2019.08.16"]
[EventType "swiss"]
[EventRounds "9"]
[EventCountry "CZE"]
[SourceTitle "EXT 2020"]
[Source "ChessBase"]
[SourceDate "2019.10.17"]
[SourceVersion "1"]
[SourceVersionDate "2019.10.17"]
[SourceQuality "1"]

1. d4 e6 2. c4 f5 3. Nc3 Nf6 4. Bg5 h6 5. Bf4 d5 6. Nf3 c6 7. Qb3 Bd6 8. Bxd6 Qxd6 9. e3 Nbd7 10. Be2 0-0 11. 0-0-0 Ne4 12. Rhf1 a6 13. Nxe4 fxe4 14. Nd2 b5 15. c5 Qc7 16. Bg4 Nf6 17. Be2 a5 18. a3 Ba6 19. Rde1 Rfb8 20. Qa2 a4 21. f3 Bc8 22. fxe4 dxe4 23. Rf5 Nd5 24. Re5 Nxe3 25. Rxe4 Nd5 26. Bg4 b4 27. Bxe6+ Bxe6 28. Rxe6 bxa3 29. Qxa3 Nf4 30. Re7 Qd8 31. Qg3 Qxd4 32. Kd1 Rxb2 33. Rxg7+ Kh8 0-1